| 000 | 00491nam a2200169 a 4500 | ||
|---|---|---|---|
| 001 | 4055 | ||
| 005 | 20140414131944.0 | ||
| 008 | 081215s19uu xx 00 eng d | ||
| 020 | _a0-439-43116-6 | ||
| 050 |
_aTR 372.4 _bSi2 2004 |
||
| 100 | _aSignom, Cheryl M. | ||
| 245 |
_aJust - right writing mini-lessons grade 1 / _cCheryl M. Sigmon and Sylvia M. Ford. |
||
| 260 |
_aNew York : _bScholastic, _cc2004. |
||
| 300 | _a128 p. : ill. ; cm. | ||
| 700 | _aFord, Sylvia M. | ||
| 999 |
_c112651 _d112651 |
||